00492nam a2200157 a 450000100100000000500170001000800410002702000180006804000250008608200160011110000290012724500750015626000490023130000270028050400270030700001742120200929165116.0100324s2009 dr a 000 0 spa d a9789993442981 aDO-SdBNPbspacBNPHU axxxxbS583p1 aSilia Eduardo, Florencio13aEl patrimonio cultural tangible de La Vega /cFlorencio Silia Eduardo. aSanto Domingo :bEdiciones Ferilibro,c2009. a76 p. :bil. ;c23 cm. aBibliografa : p. 70-72